| 000 | 00464nam a22001817a 4500 | ||
|---|---|---|---|
| 999 |
_c11301 _d11301 |
||
| 003 | OSt | ||
| 008 | 220610b ||||| |||| 00| 0 eng d | ||
| 020 | _a978126521791 | ||
| 082 | _a005.8 GOC | ||
| 100 | _aGODBOLE, Nina | ||
| 245 | _aCyber Security: Understanding Cyber Crime; Computer Forensics and Legal Perspective | ||
| 250 | _a1st | ||
| 260 |
_aNew Delhi _bWiley _c2022 |
||
| 300 | _a570 | ||
| 650 | _aCSE | ||
| 700 | _aBELAPURE, Sunit | ||
| 942 |
_2ddc _cBK |
||